000 00428nam a2200181Ia 4500
005 20240823014343.0
008 240823s9999||||xx |||||||||||||| ||und||
041 _aENGLISH
082 _A621.3 P3
100 _aDargan.C.R
245 0 _aElements of Electrical Engineering
250 _a1st
260 _c2003
_b"Dhanpat Rai,"
500 _aTRANSFERED
650 _aElectrical
_bElectrical
942 _cBK
999 _c169835
_d169835